| 000 | 00946nac a22002651u 4500 | ||
|---|---|---|---|
| 003 | EG-ScBUE | ||
| 005 | 20221020095246.0 | ||
| 008 | 221020t2006 vraa f 001 0 eng d | ||
| 020 | _a1876907819 | ||
| 020 | _a9781876907815 | ||
| 040 |
_aEG-ScBUE _beng _erda _cEG-ScBUE _dEG-ScBUE |
||
| 082 | 0 | 4 |
_a720.483 _bTAL _222 |
| 245 | 0 | 0 |
_aTall buildings : _bof Europe, the Middle East and Africa / _cedited by Georges Binder ; forwarded by Norman Foster. |
| 264 | 1 |
_aVictoria, Australia : _bThe Images Publishing Group, _c[2006] |
|
| 264 | 4 | _cc2006 | |
| 300 |
_a240 pages : _billustrations (chiefly color) ; _c31 cm |
||
| 500 | _aIncludes index. | ||
| 650 | 7 |
_aTall buildings _xdesign and construction. _2BUEsh |
|
| 650 | 7 |
_aSkyscrapers _xdesign and construction. _2BUEsh |
|
| 653 | _bENGARC | ||
| 655 | _vReading book | ||
| 700 | 1 |
_aBinder, Georges, _eeditor. |
|
| 700 | 1 |
_aFoster, Norman, _d1935- _eauthor of introduction, etc. |
|
| 942 |
_cBB _2ddc |
||
| 999 |
_c8080 _d8080 |
||